000
00330nam a2200133Ia 4500
008
220216s9999 xx 000 0 und d
100
_a
Riddell G L
245
0
_a
Use of rubber in the printing industry
260
_b
IRI Transactions
_c
1932
300
_a
270-278
650
_a
Printing industry
650
_a
Rubber
942
_c
JS
999
_c
71944
_d
71944